Văn học dân gian người Việt góc nhìn thể loại
Giới thiệu một số tiểu luận, chuyên khảo, bài viết ngắn về văn học dân gian người Việt theo hướng nghiên cứu thể loại
保存先:
| 第一著者: | |
|---|---|
| フォーマット: | 図書 |
| 言語: | Undetermined |
| 出版事項: |
Hà Nội
Lao động
2012
|
| 主題: | |
| タグ: |
タグ追加
タグなし, このレコードへの初めてのタグを付けませんか!
|
| Thư viện lưu trữ: | Trung tâm Học liệu Trường Đại học Cần Thơ |
|---|
| LEADER | 00934nam a2200217Ia 4500 | ||
|---|---|---|---|
| 001 | CTU_179633 | ||
| 008 | 210402s9999 xx 000 0 und d | ||
| 082 | |a 398.209597 | ||
| 082 | |b H403 | ||
| 100 | |a Kiều, Thu Hoạch | ||
| 245 | 0 | |a Văn học dân gian người Việt góc nhìn thể loại | |
| 245 | 0 | |c Kiều Thu Hoạch | |
| 260 | |a Hà Nội | ||
| 260 | |b Lao động | ||
| 260 | |c 2012 | ||
| 520 | |a Giới thiệu một số tiểu luận, chuyên khảo, bài viết ngắn về văn học dân gian người Việt theo hướng nghiên cứu thể loại | ||
| 526 | |a Văn học dân gian Việt Nam,Truyền thuyết và giai thoại về nhân vật lịch sử Nam bộ | ||
| 526 | |b SP512,XHV601 | ||
| 650 | |a Folk literature,Văn học dân gian | ||
| 910 | |a Nguyên | ||
| 980 | |a Trung tâm Học liệu Trường Đại học Cần Thơ | ||